| 000 | 00599nam a2200181Ia 4500 | ||
|---|---|---|---|
| 999 |
_c16022 _d16022 |
||
| 082 | _aTM.0257 | ||
| 100 | _aMehta, R.L. | ||
| 245 | 0 | _aInvestigation into the attitudes of student teachers of basic teachers training institutions towards community life and craft | |
| 260 |
_c1970 _bGujarat University |
||
| 300 | _a519p. | ||
| 650 | _aCOMMUNITY LIFE - STUDY AND TEACHING | ||
| 650 | _aTEACHERS - TRAINING OF - CURRICULA | ||
| 650 | _aHANDICRAFT - STUDY AND TEACHING | ||
| 650 | _aSTUDENT TEACHERS - ATTITUDES | ||
| 650 | _aTEACHERS AND COMMUNITY | ||
| 710 | _aDesai, K.G. | ||
| 942 |
_cTH _2ddc |
||